000 00562nam a2200229 a 4500
999 _c9507
_d9507
001 9507
003 BD-JhCC
005 20180315174050.0
008 180315s19521966b |||| || | 000 0 eng d
035 _a(BD-JhCC)9507
040 _aBD-JhCC
_dBD-JhCC
041 _aeng
082 _a320.47
_bHAQ 1966
100 _aHaq, Md. Sirajul
245 _aPrinciples of Civics /
_cMd. Sirajul Haq,
250 _a11th ed.
260 _aDacca :
_bEast Bengal Publishers,
_c1966.
300 _a281 p. :
_c23 cm.
650 _aCivics
942 _2ddc
_cBK